000 01373nac a22004577a 4500
001 BR0704881
003 BR-BrBNA
005 20240105123459.0
008 230509b bl.|||m| |||| 00| 0 por d
040 _aBR-BrBNA
_bpor
_cBiblioteca Nacional de Agricultura
072 _aH20
090 _a0336 BR0704881
100 1 _aGodoy, C.V.
100 1 _aPimenta, C.B.
100 1 _aMiguel Wruck, D.S.
100 1 _aRamos Junior, E.U.
100 1 _aDias, M.D.
100 1 _aMartins, M.C.
100 1 _aAlmeida, N.S.
100 1 _aAndrade, N.S.
100 1 _aAndrade, P.J.M.
100 1 _aSouza, P.I.M.
100 1 _aBalardin, R.S.
100 1 _aBarros, R.
100 1 _aSilva, S.A. da
110 1 _aEMBRAPA Soja, Londrina, PR, PR (Brasil)
_93737
245 1 _aEficiência de fungicidas para controle da ferrugem asiática da soja, Phakopsora pachyrhizi, na safra 2006/07. Resultados sumarizados ensaios em rede
260 3 _aLondrina, PR (Brasil):
_c2007.
300 _a8 p.
490 _aComunicado Técnico - EMBRAPA Soja (Brazil)
_vno. 42
_xISSN 1516-78608093
500 _a7 tables; 9 ref.
650 _aSOJA
650 _aFERRUGEM
650 _aFUNGO
650 _aFUNGICIDA
650 _aCONTROLE QUÍMICO
650 _aSAFRA
650 _aPRODUTIVIDADE
909 _a202312
_bLúcia Elande
_c55
_dLúcia Elande
942 _2AGRIS
_n0
_cMS
999 _c295659
_d295659